000 01030nas a2200301 4500
001 BR2013000436
003 BR-BrBNA
005 20231205121815.0
007 ta
008 230509b bl.|||p| |||| 00| 00por d
040 _aBR-BrBNA
_bpor
_cBiblioteca Nacional de Agricultura
041 _a(Pt)
072 _aL74
100 1 _aSantos, J.C.A.
100 1 _aRiet-Correa, F.
100 1 _aSimões, S.V.D.
100 1 _aBarros, C.S.L.
245 1 _aPatogênese, sinais clínicos e patologia das doenças causadas por plantas hepatóxicas em ruminantes e eqüinos no Brasil
246 1 _aPathogenesis, clinical signs and pathology of diseases caused by hepatoxic plants in ruminants and horses in Brazil
650 _aRUMINANTE
650 _aEQUINO
650 _aINTOXICAÇÃO
650 _aSINTOMA
650 _aPLANTA TÓXICA
773 0 _tPesquisa Veterinária Brasileira (Brazil)
_xISSN 0100-736X
_g(Jan 2008), v. 28(1) p. 1-14
_wBR2013000436
909 _a202311
_bLúcia
_c55
_dLúcia Elande
942 _2AGRIS
_n0
_cANA
999 _c225343
_d225343